Stati che confinano con il Sudan del Sud - Statistics

Statistiche generali
  • Questo quiz è stato fatto 9 volte
  • Il punteggio medio è 5 su 6
Statistiche sulle risposte
Superficie (km²) Popolazione (ab.) Lunghezza confine (km) Stato % Corretto
1 127 127 121 387 119 1 299 Etiopia
100%
622 984 5 990 855 1 055 Repubblica Centrafricana
100%
1 844 797 41 682 000 2 158 Sudan
100%
2 345 410 91 640 540 714 Repubblica Democratica del Congo
86%
241 038 46 000 001 475 Uganda
86%
582 650 54 727 751 317 Kenya
71%
Nessun quiz corrispondente trovato
Distribuzione punteggi
Percentuale di utenti per punteggio
Percentile per numero di risposta
I tuoi punteggi nel tempo
Non hai fatto questo quiz